000 00360nam a2200121Ia 4500
008 240731s9999 xx 000 0 und d
022 _a1943-3107
245 0 _aNew Writing : The International Journal for the Practice and Theory of Creative Writing
260 _bRoutledge
856 _uhttps://www.tandfonline.com/loi/rmnw20
942 _2ddc
942 _cTFEJ
999 _c78716
_d78716
945 _a1
_bMadushi Gamage
_c1
_dMadushi Gamage